00750nam a2200229Ia 450000500170000000800410001702000150005804100080007308200170008110000290009824500600012725000360018726400300022330000180025333600270027133700330029833800280033149000230035965000540038265000490043604000350048520220316235304.0121119s2003 mx gr 000 0 spa  a96823190050 aspa04a338.98bG14V1 aGaleano, Eduardo,d1940-14aLas venas abiertas de América LatinacEduardo Galeano aSeptuagésima quinta edición 1aMéxicobSiglo XXIc2003 a486 páginas atextobtxt2rdacontent asin mediaciónbn2rdamedia avolumenbnc2rdacarrier0 aHistoria inmediata 2LEMBaHistoriaxCivilizaciónzAmérica Latina  2LEMBaCondiciones socialeszAmérica Latina aCO-BoRNBPbspaerdacCO-BoRNBP